Регионална библиотека "Любен Каравелов" - Русе

3000 нощи в затвора (Запис номер 152762)

MARC детайли
000 -Лидер
Контролно поле с фиксирана дължина 01030nam a2200277 c 4500
003 - Код на организацията, давaща контролен номер
Контролно поле BLK
005 - Дата и час на последна редакция
Контролно поле 20180420234029.0
008 - Елементи от данни с фиксирана дължина
fixed length control field 180410b bul|||||r ||||||| ||bul||
010 ## - Наследен системен номер
LC control number KNG00159280000
040 ## - Източник на каталожния запис
Идентификатор на билиотеката - собственик на записа BLK
041 ## - Код за език
Код за езика на текст/звукозапис или на отделно заглавие Български
Код за езика КДБФ Български
080 ## - УДК
Текстов определител УДК Българска литература
УДК код - определител по УДК 821.163.2
УДК определител -94
УДК - код + определител 821.163.2-94
100 1# - Редна дума - Автор
Автор Бръзицов, Христо Димитров
Авторска отговорност първи автор
R(LIN) 302889
139 ## - Редно поле
Редна дума Бръзицов, Христо Димитров
Авторски знак Бръ - Б 83
245 10 - Сведения за заглавието
Заглавие 3000 нощи в затвора
Подзаглавни данни Спомени
Редно поле (дума) Христо Димитров Бръзицов.
257 ## - Страна на издаване
Страна на създаване/издаване България
260 ## - Област на издателските данни
-- София
Име на издателя, разпространителя и проч. Унив. изд. Св. Климент Охридски
Година на издаване 1991
300 ## - Физическа характеристика
Страници 239 с.
Размери/Мащаб 20 см
380 ## - Жанр
Жанр Худож. лит.
500 ## - Общи забележки
Забележка Офс. изд. - 6 065 тиp.
852 ## - Местоположение
Форматна сигнатура Цб 168092
856 4# - Електронен адрес и достъп
Електронен формат pdf - файл
Път до файла /url/
856 4# - Електронен адрес и достъп
Електронен формат pdf - файл
Път до файла /url/
942 ## - АРТИКУЛИ
Вид на библиотечния материал Книги
Скрит в OPAC Не
944 ## - СЪЗДАВАНЕ И РЕДАКЦИЯ на ЗАПИСА
Създаване/Редакция Създаване
Дата на регистрацията/редакция 04.04.2014
Статус, дата на статуса 04.04.2014 - от С1,Р / 04.04.2014
Служител, извършил регистрацията/редакцията Самет_Онур
944 ## - СЪЗДАВАНЕ И РЕДАКЦИЯ на ЗАПИСА
Създаване/Редакция Редакция
Дата на регистрацията/редакция 04.04.2014
Статус, дата на статуса 04.04.2014 - от С1,Р / 04.04.2014
Служител, извършил регистрацията/редакцията
999 ## - СИСТЕМНИ КОНТРОЛНИ НОМЕРА
Koha biblionumber 152762
Koha biblioitemnumber 152762
Наличности
Код за отписване Код за изгубен артикул Източник на класификационната схема Код за повреда Коз за рестрикции Код за отдаване Артикулен № Име на библиотеката - собственик Име на библиотеката, в която се намира в момента Статус (Текущо местоположение) Дата на вписване в системата Местоположение - отдел Цена в лева Инвентарен номер Систематично азбучна сигнатура Баркод Номер на екземпляра Цена в евро Служебна бележка Служебен тип на артикула
  Не е изгубен Universal Decimal Classification Не е повреден без рестрикции ползва се в читалня 255354 Регионална библиотека "Любен Каравелов" Русе Регионална библиотека "Любен Каравелов" Русе Хранилище 1991-01-01 Хранилище 14.90 565780 Цб 168092 120000565780 1 7.62 Вид: СФ Дата: 01.01.1991 Книги
Изтеглен Не е изгубен Universal Decimal Classification Не е повреден без рестрикции заемане за дома 255355 Регионална библиотека "Любен Каравелов" Русе Регионална библиотека "Любен Каравелов" Русе Заемна - подръчен фонд 1991-01-01 Заемна - подръчен фонд 14.90 577061 П 886.7-94/Б 83 577061 2 7.62 Вид: СФ Дата: 01.01.1991 Дата инв: 14.02.2018 Бележки инв: П2018 Книги
Изтеглен Не е изгубен Universal Decimal Classification Не е повреден без рестрикции заемане за дома 255356 Регионална библиотека "Любен Каравелов" Русе Регионална библиотека "Любен Каравелов" Русе Заемна - подръчен фонд 1991-01-01 Заемна - подръчен фонд 1.04 577062 П 886.7-94/Б 83 577062 3 0.53 Вид: СФ Дата: 01.01.1991 Книги
Vip Innovations Ltd, Rousse, Bulgaria 2025